Ciencias sociales, libro del docente: historia, geografía, formación ética y ciudadana

Guardat en:
Dades bibliogràfiques
Autors principals: Bustinza, Juan Antonio (Autor), Bustinza, Patricia (Autor), Franco, Roxana (Autor)
Format: Llibre
Idioma:espanyol
Publicat: Buenos Aires A-Z Editora 1999
Col·lecció:Serie Integrar
Matèries:
Etiquetes: Afegir etiqueta
Sense etiquetes, Sigues el primer a etiquetar aquest registre!

MARC

LEADER 00000nam a2200000 a 4500
001 UCP6185
003 CL-VaPUC
008 991015e19990000AG |||||||||||||||||spa|d
082 0 4 |a 372.89  |b BUS  |2 21 
100 0 |a Bustinza, Juan Antonio  |e author  |9 435107 
700 0 |a Bustinza, Patricia  |e author  |9 435108 
700 0 |a Franco, Roxana  |e author  |9 435109 
245 1 0 |a Ciencias sociales, libro del docente: historia, geografía, formación ética y ciudadana 
300 |a 32 p 
942 |c BK 
945 |d 19991015 00:00:00  |a rbrito 
260 |a Buenos Aires  |b A-Z Editora  |c 1999 
650 0 |a Enseñanza de las ciencias sociales  |9 337823 
650 0 |a Educación básica   |9 224933 
583 |a last modification  |c 19991015 00:00:00  |k Rodrigo Vera 
490 0 |a Serie Integrar 
999 |c 283795  |d 283793 
952 |0 0  |1 0  |4 0  |6 372_890000000000000_BUS_1999  |7 0  |8 A  |9 327252  |a BIBEDU  |b BIBEDU  |d 2019-11-20  |i 3569780  |o 372.89 BUS 1999  |p 3569780  |r 2019-11-20  |w 2019-11-20  |y BK  |k EDU